HTML Complete /

Guía para la creación y modificación de páginas web con los lenguajes de programación HTML y XHTML. Se explica desde el diseño gráfico y tipográfico en el despliegue de las páginas, hasta el manejo de técnicas avanzadas de programación.

Збережено в:
Бібліографічні деталі
Формат: Книга
Мова:Англійська
Опубліковано: San Francisco, EUA : Sybex, 2003, c2003
Редагування:3a edición
Предмети:
Теги: Додати тег
Немає тегів, Будьте першим, хто поставить тег для цього запису!

MARC

LEADER 00000nam^a2200000^a^4500
001 000155058
005 20250521000000.0
009 20260310100415.244
020 |a 0-7821-4209-5 
037 |a Acervo ITESO - Biblioteca 
041 |a ING 
082 |a 005. 133  |b HTM 
245 0 0 |a HTML Complete / 
250 |a 3a edición 
264 4 |a San Francisco, EUA :  |b Sybex,  |c 2003, c2003 
300 |a XXXI, 971 p. 
336 |a texto  |b txt  |2 rdacontenido 
337 |a sin mediación  |b n  |2 rdamedio 
338 |a volumen  |b nc  |2 rdasoporte 
520 |a Guía para la creación y modificación de páginas web con los lenguajes de programación HTML y XHTML. Se explica desde el diseño gráfico y tipográfico en el despliegue de las páginas, hasta el manejo de técnicas avanzadas de programación. 
649 |a XX 
650 |a Interfaz de Usuario 
650 |a Gráficas por Computadora 
650 |a Diseño Tipográfico 
650 |a Multimedia 
650 |a Páginas en Línea -  |x Diseño y Construcción 
650 |a Hipertexto 
650 |a Internet 
650 |a Redes de Computadoras 
650 |a Comunicación en Red 
650 |a Telecomunicaciones 
650 |a Lenguajes de Programación 
650 |a Programación (Software) 
650 |a Sistemas Computacionales 
650 |a Ingeniería Computacional 
910 |a Fondo General 
920 |a Impresos - Libros 
930 |a Colección General 
905 |a 101 
901 |a 0500082706  |b IT1  |c ACC  |u 20250521 
902 |a https://opac.biblio.iteso.mx/vufind/Record/000155058